00800nam a2200241 i 450000100060000000300090000600500170001500700030003200800410003502000180007608000120009408000120010624501170011826000350023530000220027049000590029250400330035165000220038470000260040670000340043283000590046685200330052511360ES-MaACL20230906150102.0t|960430s1994 fr ||||1| fre d a92-3-202742-9 a297"19" a008:29702aL'Individu et la société en Islam / cDirecteur de volume: A. Bouhdiba ; codirecteur: M. Ma'ruf al-Dawalibi. aParis : bUNESCO, ccop. 1994. a480 p. ; c24 cm.1 aLes différents aspects de la culture islamique ; v2 aBibliografía : p. 465-478.14aIslamismo-yS.XX.1 aBouhdiba, Abdelwahab.1 aAl-Dawalibi, Muhammad Ma'ruf.0 aLes différents aspects de la culture islamique ; v2 aES-MaACLjL-18658 bR.124885